| 000 | 00648nam a22001457a 4500 | ||
|---|---|---|---|
| 020 | _a978-0-241-33513-0 | ||
| 082 |
_a823 _bALC/L |
||
| 100 | _aALCOTT, LOUISA MAY | ||
| 245 | _aLITTLE WOMEN | ||
| 260 |
_aUNITED KINGDOM _bPENGUIN RANDOM HOUSE _c2018 |
||
| 300 | _a555 | ||
| 520 | _aWith their father fighting in the American Civil War, sisters Jo, Meg, Amy and Beth are at home with their mother, a very outspoken woman for her time. The story tells of how the sisters grow up, find love, and find their place in the world. Four sisters and their mother at home. Their father is fighting in the war. | ||
| 650 |
_aNOVEL _zUNITED KINGDOM |
||
| 942 | _cBK | ||
| 999 |
_c2558 _d2558 |
||